The Effects of filler loading and a silane coupling agent on the dynamic properties and swelling behaviour of bamboo filled natural rubber compounds (Record no. 70660)

MARC details
000 -LEADER
fixed length control field 00566nam a2200169Ia 4500
100 ## - MAIN ENTRY--AUTHOR NAME
Personal name Ismail H
245 #4 - TITLE STATEMENT
Title The Effects of filler loading and a silane coupling agent on the dynamic properties and swelling behaviour of bamboo filled natural rubber compounds
260 ## - PUBLICATION, DISTRIBUTION, ETC. (IMPRINT)
Name of publisher Journal of Elastomers and Plastics
Year of publication 2003
300 ## - PHYSICAL DESCRIPTION
Number of Pages 149-159
650 ## - SUBJECT ADDED ENTRY--TOPICAL TERM
Topical Term Bamboo fibre
650 ## - SUBJECT ADDED ENTRY--TOPICAL TERM
Topical Term Dynamic properties
650 ## - SUBJECT ADDED ENTRY--TOPICAL TERM
Topical Term Natural rubber
650 ## - SUBJECT ADDED ENTRY--TOPICAL TERM
Topical Term Silane coupling agent
650 ## - SUBJECT ADDED ENTRY--TOPICAL TERM
Topical Term Swelling behaviour
942 ## - ADDED ENTRY ELEMENTS (KOHA)
Koha item type Journals
Holdings
Withdrawn status Lost status Damaged status Not for loan Home library Current library Shelving location Date acquired Serial Enumeration / chronology Koha item type
      Journals RRII Library RRII Library Rubber chemistry 17/12/2021 Volume 35, Issue 2 Journals